Дело об учреждении при Кунгурском техническом училище стипендии имени Н.Е. Андреевского

Доступно только в Электронных читальных залах Найти на картеНа карте
RUSMARC
00003728nmc2a22000003x 450
0014fceb0eb-3d4a-462f-b5fb-9574549fdaa5
00520200204223839.0
100##$a20180221l18841884k l0rusy0189 ca
1010#$arus
102##$aRU
2001#$aДело об учреждении при Кунгурском техническом училище стипендии имени Н.Е. Андреевского
$j4-10 февраля 1884 г.
251##$cДело
300##$aДело
801#0$aRU
$bРГИА
$c20180221
$gRCR
801#1$aRU
$bГлавНИВЦ
$c20180221
$2rusmarc
801#2$aRU
$bПБ им. Б.Н. Ельцина
$c20200204
$gRCR
$2rusmarc
850##$aРГИА
852##$aРГИА
$eФедеральное казенное учреждение "Российский государственный исторический архив" (РГИА)
$j144
937##$hРГИА
$d12227795
$aASBIBLIO_SCAN
462#0$1001aab36e18-5392-4cf8-975e-b4b9ed7ff214
$12001
$aДела разряда технических учебных заведений Департамента народного просвещения за 1869-1889 годы
$1251
$cОпись
$1852
$j160
461#0$1001a74412a3-3cc5-4d21-8f0a-dfe2fbd9e72d
$12001
$aДепартамент народного просвещения Министерства народного просвещения (1803-1917)
$1251
$cФонд
$1852
$j733
215##$a14 л.
$d36,5х26 см
371##$aДокумент не является опубликованным и широко распространяемым
105##$ay###
1222#$ad
035##$a4fceb0eb-3d4a-462f-b5fb-9574549fdaa5
856##$uhttp://readingroom.main.prlib.ru/item.aspx?id_node=n138396786&mode=full
Формат отображения